Top 15 Countries with most islands - Statistics

General Stats
  • This quiz has been taken 41 times
  • The average score is 12 of 15
Answer Stats
Answer % Correct
3 Canada
97%
1 Norway
97%
5 United States
97%
6 Indonesia
94%
7 Japan
94%
8 Russia
94%
2 Sweden
94%
4 Finland
88%
9 Australia
84%
12 China
81%
11 Chile
72%
13 South Korea
53%
10 Phillipines
44%
15 Vietnam
41%
14 Cuba
25%
No matching quizzes found
Score Distribution
Percent of People with Each Score
Percentile by Number Answered
Your Score History
You have not taken this quiz